000 00649nam a2200193 i 4500
001 30985
003 ES-MaACL
005 20230906154304.0
007 t|
008 030128s1972 sp ||||1| spa d
100 1 _aBatstone, Gifford F.
_926466
245 1 0 _aPediatría prenatal /
_cGifford F. Batstone, Alastair W. Blair, Jack M. Slater ; versión... Félix Sánchez Carranza.
260 _aBarcelona :
_bEd. Pediátrica,
_c[1972]
300 _aXI, 260 p. :
_bil. ;
_c22 cm.
700 1 _aBlair, Alastair W.
_929086
700 1 _aSlater, Jack M.
_9106769
700 1 _aSánchez Carranza, Félix.
_9102526
852 _aES-MaACL
_jC-45109
_bR.83910
999 _c30985
_d30985